000 00255nam a2200109Ia 4500
008 190216s9999||||xx |||||||||||||| ||und||
100 _aPonkunnam Varkey
245 0 _aPottiya Izhakal
260 _bCurrent Books
650 _aNovel Malayalam
942 _cBK
999 _c23555
_d23555